000 00477 a2200133 4500
001 ART_34365
005 20260410162004.0
008 260409a
245 1 0 _aLa relación entre el comercio interregional y la conectividad del transporte en España
100 1 _aAlamá Sabater, Luisa
700 1 _aMárquez Ramos, Laura
700 1 _aSuárez Burguet, Celestino
773 0 _tRevista de economía y estadística
_g- Vol. XLIX, Nº 1 (jun. 2011)
_wREV34359
999 _c31587
_d31587